[Event "World Chess Olympiad 2018"]
[Site "Batumi"]
[Date "2018.09.24"]
[Round "1"]
[Board "3"]
[WhiteFideId "912336"]
[White "Zajic Milan"]
[BlackFideId "8200041"]
[Black "Gajadin Dewperkash"]
[Result "1-0"]
[LiveChessVersion "1.4.8"]
[BlackElo "2010"]
[WhiteElo "2497"]

1. e4 {[%clk 1:30:52]} e5 {[%clk 1:30:58]} 2. Nf3 {[%clk 1:31:15]} Nc6
{[%clk 1:31:25]} 3. Bb5 {[%clk 1:31:38]} a6 {[%clk 1:31:47]} 4. Ba4
{[%clk 1:32:02]} Nf6 {[%clk 1:32:07]} 5. d3 {[%clk 1:32:23]} d6 {[%clk 1:27:57]}
6. c3 {[%clk 1:32:44]} Be7 {[%clk 1:26:27]} 7. O-O {[%clk 1:32:58]} O-O
{[%clk 1:20:35]} 8. Nbd2 {[%clk 1:33:25]} b5 {[%clk 1:20:09]} 9. Bc2
{[%clk 1:33:47]} d5 {[%clk 1:12:54]} 10. Re1 {[%clk 1:29:02]} dxe4
{[%clk 0:52:05]} 11. dxe4 {[%clk 1:29:18]} Bc5 {[%clk 0:47:25]} 12. Qe2
{[%clk 1:29:28]} Be6 {[%clk 0:38:16]} 13. b4 {[%clk 1:27:16]} Bb6
{[%clk 0:38:12]} 14. a4 {[%clk 1:26:43]} Rb8 {[%clk 0:34:19]} 15. axb5
{[%clk 1:24:15]} axb5 {[%clk 0:31:57]} 16. Bd3 {[%clk 1:21:12]} Ra8
{[%clk 0:13:52]} 17. Rxa8 {[%clk 1:17:14]} Qxa8 {[%clk 0:14:21]} 18. Bxb5
{[%clk 1:16:08]} Ng4 {[%clk 0:14:40]} 19. Rf1 {[%clk 1:13:28]} Nxf2
{[%clk 0:13:21]} 20. Rxf2 {[%clk 1:12:14]} Qa1 {[%clk 0:13:29]} 21. Qe1
{[%clk 1:02:32]} Qxc3 {[%clk 0:12:24]} 22. Bxc6 {[%clk 0:58:59]} Qxc6
{[%clk 0:10:35]} 23. Nxe5 {[%clk 0:57:32]} Qb5 {[%clk 0:08:27]} 24. Bb2
{[%clk 0:50:51]} f6 {[%clk 0:07:47]} 25. Nef3 {[%clk 0:50:39]} Qxb4
{[%clk 0:06:56]} 26. Qc1 {[%clk 0:48:32]} Rd8 {[%clk 0:04:42]} 27. Kf1
{[%clk 0:46:21]} Bxf2 {[%clk 0:03:04]} 28. Kxf2 {[%clk 0:42:44]} Qb6+
{[%clk 0:01:50]} 29. Kg3 {[%clk 0:42:28]} h5 {[%clk 0:01:00]} 30. h4
{[%clk 0:23:48]} Rd3 {[%clk 0:00:52]} 31. e5 {[%clk 0:22:50]} Qb4
{[%clk 0:00:44]} 32. exf6 {[%clk 0:20:45]} Qg4+ {[%clk 0:00:44]} 33. Kf2
{[%clk 0:20:16]} Bd5 {[%clk 0:00:44]} 34. Qxc7 {[%clk 0:11:06]} Rxd2+
{[%clk 0:00:39]} 35. Nxd2 {[%clk 0:11:20]} Qxg2+ {[%clk 0:01:05]} 36. Ke1
{[%clk 0:09:25]} Qh1+ {[%clk 0:01:27]} 37. Ke2 {[%clk 0:09:33]} Qg2+
{[%clk 0:01:40]} 38. Kd3 {[%clk 0:04:40]} Qg6+ {[%clk 0:01:58]} 39. Kd4
{[%clk 0:04:01]} Qxf6+ {[%clk 0:02:05]} 40. Qe5 {[%clk 0:33:51]} Qf2+
{[%clk 0:31:34]} 41. Kxd5 {[%clk 0:27:33]} Qxd2+ {[%clk 0:31:41]} 42. Kc6
{[%clk 0:27:35]} Qc2+ {[%clk 0:25:14]} 43. Kd6 {[%clk 0:26:59]} Qd1+
{[%clk 0:06:38]} 44. Qd5+ {[%clk 0:27:14]} Qxd5+ {[%clk 0:07:05]} 45. Kxd5
{[%clk 0:27:39]} g5 {[%clk 0:07:10]} 46. hxg5 {[%clk 0:28:04]} Kf7
{[%clk 0:07:19]} 47. Ke4 {[%clk 0:28:30]} 1-0

[Event "World Chess Olympiad 2018"]
[Site "Batumi"]
[Date "2018.09.24"]
[Round "1"]
[Board "4"]
[WhiteFideId "8200211"]
[White "Sanches Casanova Romario"]
[BlackFideId "950122"]
[Black "Ivic Velimir"]
[Result "1/2-1/2"]
[LiveChessVersion "1.4.8"]
[BlackElo "2472"]
[WhiteElo "2029"]

1. e4 {[%clk 1:30:55]} c5 {[%clk 1:30:51]} 2. Nc3 {[%clk 1:30:58]} Nc6
{[%clk 1:30:16]} 3. g3 {[%clk 1:31:21]} g6 {[%clk 1:29:45]} 4. Bg2
{[%clk 1:31:46]} Bg7 {[%clk 1:30:06]} 5. Nge2 {[%clk 1:32:11]} e6
{[%clk 1:29:45]} 6. O-O {[%clk 1:31:46]} Nge7 {[%clk 1:29:33]} 7. d3
{[%clk 1:32:06]} O-O {[%clk 1:29:18]} 8. Be3 {[%clk 1:29:23]} Nd4
{[%clk 1:29:35]} 9. Qd2 {[%clk 1:28:37]} d6 {[%clk 1:26:06]} 10. Nd1
{[%clk 1:24:01]} Bd7 {[%clk 1:17:59]} 11. c3 {[%clk 1:22:00]} Nxe2+
{[%clk 1:18:09]} 12. Qxe2 {[%clk 1:22:23]} Nc6 {[%clk 1:09:56]} 13. f4
{[%clk 1:19:31]} f5 {[%clk 1:01:03]} 14. Nf2 {[%clk 1:16:53]} b5 {[%clk 0:56:41]}
15. Rad1 {[%clk 1:13:05]} Rc8 {[%clk 0:37:01]} 16. h4 {[%clk 1:02:56]} Qb6
{[%clk 0:29:44]} 17. h5 {[%clk 0:55:23]} b4 {[%clk 0:28:12]} 18. hxg6
{[%clk 0:55:34]} hxg6 {[%clk 0:28:35]} 19. exf5 {[%clk 0:51:22]} gxf5
{[%clk 0:27:15]} 20. Nh3 {[%clk 0:41:02]} bxc3 {[%clk 0:24:59]} 21. bxc3
{[%clk 0:38:40]} Bxc3 {[%clk 0:24:16]} 22. Ng5 {[%clk 0:37:48]} Bg7
{[%clk 0:22:44]} 23. Rb1 {[%clk 0:26:18]} Qc7 {[%clk 0:21:45]} 24. Qh5
{[%clk 0:25:37]} Rf6 {[%clk 0:22:03]} 25. Qh7+ {[%clk 0:25:41]} Kf8
{[%clk 0:22:25]} 26. Qh5 {[%clk 0:25:43]} Kg8 {[%clk 0:14:57]} 27. Qh7+
{[%clk 0:26:06]} Kf8 {[%clk 0:15:24]} 28. Qh5 {[%clk 0:26:31]} Ke7
{[%clk 0:04:04]} 29. Qh7 {[%clk 0:22:58]} Kf8 {[%clk 0:03:38]} 30. Qh5
{[%clk 0:23:25]} Kg8 {[%clk 0:02:56]} 31. Qh7+ 1/2-1/2

[Event "World Chess Olympiad 2018"]
[Site "Batumi"]
[Date "2018.09.24"]
[Round "1"]
[Board "1"]
[WhiteFideId "15700356"]
[White "Altaye Girum Teklewold"]
[BlackFideId "4900847"]
[Black "Batchuluun Tsegmed"]
[Result "0-1"]
[LiveChessVersion "1.4.8"]
[BlackElo "2570"]
[WhiteElo "1986"]

1. e4 {[%clk 1:30:50]} e5 {[%clk 1:29:53]} 2. Nf3 {[%clk 1:31:07]} Nc6
{[%clk 1:30:18]} 3. Bb5 {[%clk 1:31:17]} a6 {[%clk 1:30:43]} 4. Ba4
{[%clk 1:31:18]} Nf6 {[%clk 1:31:07]} 5. O-O Be7 {[%clk 1:31:28]} 6. Re1
{[%clk 1:31:00]} b5 {[%clk 1:31:52]} 7. Bb3 {[%clk 1:31:11]} d6 {[%clk 1:32:16]}
8. c3 {[%clk 1:31:08]} O-O {[%clk 1:32:39]} 9. h3 {[%clk 1:31:22]} Re8
{[%clk 1:31:18]} 10. d4 {[%clk 1:28:39]} Bf8 {[%clk 1:31:36]} 11. Nbd2
{[%clk 1:22:31]} Bb7 {[%clk 1:31:59]} 12. Bc2 {[%clk 1:19:58]} g6
{[%clk 1:27:01]} 13. d5 {[%clk 1:15:34]} Nb8 {[%clk 1:23:48]} 14. b3
{[%clk 1:15:10]} c6 {[%clk 1:24:07]} 15. c4 {[%clk 1:12:15]} Nbd7
{[%clk 1:24:26]} 16. Nf1 {[%clk 1:08:49]} Rc8 {[%clk 1:17:39]} 17. Bd3 Nc5
{[%clk 1:15:16]} 18. Ng3 {[%clk 1:00:59]} Nxd3 {[%clk 1:04:05]} 19. Qxd3
{[%clk 1:00:43]} bxc4 {[%clk 1:04:07]} 20. bxc4 {[%clk 1:00:30]} cxd5
{[%clk 1:03:06]} 21. cxd5 {[%clk 1:00:42]} Nd7 {[%clk 1:03:31]} 22. Bg5
{[%clk 0:59:54]} Nc5 {[%clk 1:03:21]} 23. Qd2 {[%clk 0:57:17]} f6
{[%clk 1:01:19]} 24. Be3 {[%clk 0:57:02]} a5 {[%clk 0:58:19]} 25. Rec1
{[%clk 0:51:24]} Ba6 {[%clk 0:55:00]} 26. Ne1 {[%clk 0:48:16]} Re7
{[%clk 0:48:03]} 27. Rc3 {[%clk 0:36:33]} Rb7 {[%clk 0:46:27]} 28. Rac1
{[%clk 0:31:27]} Rcb8 {[%clk 0:32:45]} 29. R3c2 {[%clk 0:29:55]} a4
{[%clk 0:24:25]} 30. Kh2 {[%clk 0:24:47]} Rb4 {[%clk 0:17:54]} 31. f3
{[%clk 0:23:20]} Qd7 {[%clk 0:15:55]} 32. Nh1 {[%clk 0:21:06]} a3
{[%clk 0:12:46]} 33. Nf2 {[%clk 0:17:03]} Rb2 {[%clk 0:11:56]} 34. Bxc5
{[%clk 0:11:13]} dxc5 {[%clk 0:12:22]} 35. Qa5 {[%clk 0:10:27]} Qb5
{[%clk 0:10:11]} 36. Qxa3 {[%clk 0:07:48]} c4 {[%clk 0:08:11]} 37. Qxb2
{[%clk 0:02:18]} Qxb2 {[%clk 0:08:36]} 38. Rxb2 {[%clk 0:02:24]} Rxb2
{[%clk 0:09:04]} 39. Ng4 {[%clk 0:02:25]} h5 {[%clk 0:03:18]} 40. Nxf6+
{[%clk 0:32:30]} Kf7 {[%clk 0:33:47]} 41. Nd7 {[%clk 0:32:11]} Bd6
{[%clk 0:34:09]} 42. f4 {[%clk 0:32:04]} exf4 {[%clk 0:32:00]} 43. Nf3
{[%clk 0:32:05]} g5 {[%clk 0:23:36]} 44. Nxg5+ {[%clk 0:32:11]} Ke7
{[%clk 0:24:03]} 45. e5 {[%clk 0:32:21]} Kxd7 {[%clk 0:24:02]} 46. exd6
{[%clk 0:31:27]} Kxd6 {[%clk 0:24:26]} 47. Rd1 {[%clk 0:31:39]} Bb7
{[%clk 0:18:44]} 48. Ne4+ {[%clk 0:25:49]} Ke5 {[%clk 0:19:07]} 49. Nc3
{[%clk 0:25:51]} f3 {[%clk 0:15:25]} 50. Kg3 {[%clk 0:25:32]} fxg2
{[%clk 0:15:15]} 51. d6 {[%clk 0:25:24]} Rd2 {[%clk 0:14:50]} 52. Kh2
{[%clk 0:25:13]} Rxd1 {[%clk 0:14:34]} 53. Nxd1 {[%clk 0:25:27]} Kxd6
{[%clk 0:14:59]} 54. Nc3 {[%clk 0:24:32]} Kc5 {[%clk 0:15:02]} 55. a3
{[%clk 0:24:51]} Kd4 {[%clk 0:15:16]} 56. Ne2+ {[%clk 0:25:16]} Ke3
{[%clk 0:15:38]} 57. Nc3 {[%clk 0:24:00]} 0-1

[Event "World Chess Olympiad 2018"]
[Site "Batumi"]
[Date "2018.09.24"]
[Round "1"]
[Board "2"]
[WhiteFideId "4900880"]
[White "Battulga Namkhai"]
[BlackFideId "15700739"]
[Black "Ghebrehiwet Haftom Ghebremedhn"]
[Result "1-0"]
[LiveChessVersion "1.4.8"]
[BlackElo "1979"]
[WhiteElo "2421"]

1. e4 {[%clk 1:30:59]} c5 {[%clk 1:30:26]} 2. Nf3 {[%clk 1:31:26]} Nc6
{[%clk 1:30:49]} 3. d4 {[%clk 1:31:54]} cxd4 {[%clk 1:31:14]} 4. Nxd4
{[%clk 1:32:22]} g6 {[%clk 1:31:40]} 5. Nc3 {[%clk 1:32:28]} Bg7 {[%clk 1:32:06]}
6. Be3 {[%clk 1:32:54]} Nf6 {[%clk 1:32:33]} 7. Bc4 {[%clk 1:33:20]} O-O
{[%clk 1:32:56]} 8. Bb3 {[%clk 1:33:48]} a5 {[%clk 1:33:13]} 9. a4
{[%clk 1:33:53]} Nb4 {[%clk 1:33:11]} 10. e5 {[%clk 1:33:26]} Ne8
{[%clk 1:33:17]} 11. f4 {[%clk 1:28:59]} d6 {[%clk 1:33:34]} 12. e6
{[%clk 1:28:20]} f5 {[%clk 1:32:49]} 13. Ndb5 {[%clk 1:26:38]} Kh8
{[%clk 1:33:01]} 14. O-O {[%clk 1:26:54]} Nf6 {[%clk 1:26:13]} 15. Bd4
{[%clk 1:23:06]} Ng4 {[%clk 1:21:16]} 16. h3 {[%clk 1:22:08]} Bxd4+
{[%clk 1:20:57]} 17. Qxd4+ {[%clk 1:22:36]} Nf6 {[%clk 1:21:16]} 18. Rfe1
{[%clk 1:14:06]} Ra6 {[%clk 1:18:48]} 19. Rad1 {[%clk 1:07:02]} Kg7
{[%clk 1:10:12]} 20. Re2 {[%clk 0:53:38]} Qb6 {[%clk 0:58:11]} 21. Bd5
{[%clk 0:51:50]} Qxd4+ {[%clk 0:57:11]} 22. Rxd4 {[%clk 0:52:13]} Nbxd5
{[%clk 0:55:14]} 23. Nxd5 {[%clk 0:52:39]} Nxd5 {[%clk 0:54:16]} 24. Rxd5
{[%clk 0:53:06]} Kf6 {[%clk 0:44:03]} 25. Nd4 {[%clk 0:53:15]} h5
{[%clk 0:42:01]} 26. Rb5 {[%clk 0:52:33]} Rd8 {[%clk 0:38:25]} 27. Re3
{[%clk 0:49:21]} Rg8 {[%clk 0:29:41]} 28. g3 {[%clk 0:47:07]} Rh8
{[%clk 0:29:52]} 29. Kf2 {[%clk 0:45:58]} Rd8 {[%clk 0:29:27]} 30. h4
{[%clk 0:40:17]} Re8 {[%clk 0:29:06]} 31. Ke1 {[%clk 0:40:34]} Rd8
{[%clk 0:29:15]} 32. Kd2 {[%clk 0:40:59]} Re8 {[%clk 0:28:18]} 33. Kc3
{[%clk 0:41:21]} Rd8 {[%clk 0:27:23]} 34. Kb3 {[%clk 0:40:32]} Re8
{[%clk 0:23:38]} 35. Ka3 {[%clk 0:40:56]} Rg8 {[%clk 0:23:48]} 36. c3
{[%clk 0:41:11]} Rd8 {[%clk 0:24:11]} 37. b4 {[%clk 0:41:36]} b6 {[%clk 0:20:03]}
38. bxa5 {[%clk 0:41:00]} bxa5 {[%clk 0:20:29]} 39. Rb8 {[%clk 0:41:19]} Re8
{[%clk 0:19:46]} 40. Nb5 {[%clk 1:07:14]} Rc6 {[%clk 0:47:12]} 41. Ra8
{[%clk 1:07:19]} Bd7 {[%clk 0:45:29]} 42. Rxa5 {[%clk 1:07:25]} Bxe6
{[%clk 0:45:51]} 43. Nd4 {[%clk 1:07:49]} Bd7 {[%clk 0:41:08]} 44. Nxc6
{[%clk 1:08:06]} Bxc6 {[%clk 0:41:29]} 45. Ra6 {[%clk 1:08:30]} Be4
{[%clk 0:40:47]} 46. a5 {[%clk 1:08:47]} Rd8 {[%clk 0:40:35]} 47. c4
{[%clk 1:08:54]} Rc8 {[%clk 0:37:40]} 48. Kb4 {[%clk 1:09:18]} Rc7
{[%clk 0:36:56]} 49. Rb6 {[%clk 1:09:39]} Ke6 {[%clk 0:36:47]} 50. a6
{[%clk 1:10:01]} Kd7 {[%clk 0:37:08]} 51. Ra3 {[%clk 1:09:56]} Ra7
{[%clk 0:37:18]} 52. Rb8 {[%clk 1:10:20]} Ra8 {[%clk 0:25:02]} 53. a7
{[%clk 1:10:06]} Kc7 {[%clk 0:21:41]} 54. Rxa8 {[%clk 1:10:34]} Bxa8
{[%clk 0:22:04]} 55. Re3 {[%clk 1:11:02]} Kd7 {[%clk 0:20:55]} 56. Rb3
{[%clk 1:11:30]} e5 {[%clk 0:20:58]} 57. Kc3 {[%clk 1:11:58]} g5 {[%clk 0:14:49]}
58. fxg5 {[%clk 1:12:09]} Ke6 {[%clk 0:14:38]} 59. Rb8 {[%clk 1:12:32]} Bc6
{[%clk 0:14:51]} 60. a8=Q {[%clk 1:12:54]} Bxa8 {[%clk 0:15:13]} 61. Rxa8
{[%clk 1:13:16]} f4 {[%clk 0:15:36]} 62. gxf4 {[%clk 1:13:42]} exf4
{[%clk 0:15:36]} 63. Rf8 {[%clk 1:14:07]} Ke5 {[%clk 0:15:52]} 64. g6
{[%clk 1:14:36]} 1-0

[Event "World Chess Olympiad 2018"]
[Site "Batumi"]
[Date "2018.09.24"]
[Round "1"]
[Board "3"]
[WhiteFideId "15702391"]
[White "Tilahun Abel Mathewos"]
[BlackFideId "4901266"]
[Black "Munkhgal Gombosuren"]
[Result "0-1"]
[LiveChessVersion "1.4.8"]
[BlackElo "2452"]
[WhiteElo "2015"]

1. d4 {[%clk 1:30:46]} Nf6 {[%clk 1:30:57]} 2. c4 e6 3. Nf3 {[%clk 1:30:51]} d5
{[%clk 1:31:13]} 4. Nc3 {[%clk 1:31:09]} Bb4 {[%clk 1:31:30]} 5. e3
{[%clk 1:31:17]} O-O {[%clk 1:31:48]} 6. Bd3 {[%clk 1:31:35]} c5 {[%clk 1:31:47]}
7. O-O {[%clk 1:31:21]} Nc6 {[%clk 1:31:58]} 8. a3 {[%clk 1:31:11]} Bxc3
{[%clk 1:32:05]} 9. bxc3 {[%clk 1:31:23]} b6 {[%clk 1:31:52]} 10. cxd5
{[%clk 1:28:55]} exd5 {[%clk 1:32:05]} 11. a4 {[%clk 1:28:57]} c4
{[%clk 1:31:58]} 12. Bc2 {[%clk 1:26:41]} Bg4 {[%clk 1:32:00]} 13. h3
{[%clk 1:25:13]} Bh5 {[%clk 1:32:19]} 14. g4 {[%clk 1:20:30]} Bg6
{[%clk 1:32:27]} 15. Ne5 {[%clk 1:10:45]} Bxc2 {[%clk 1:30:35]} 16. Qxc2
{[%clk 1:11:00]} Qc7 {[%clk 1:27:28]} 17. Nxc6 {[%clk 1:08:13]} Qxc6
{[%clk 1:25:51]} 18. a5 {[%clk 1:05:29]} b5 {[%clk 1:24:48]} 19. Kg2
{[%clk 1:01:30]} Rfe8 {[%clk 1:24:30]} 20. Bd2 {[%clk 0:58:43]} Re6
{[%clk 1:18:23]} 21. f3 {[%clk 0:56:29]} Rae8 {[%clk 1:18:41]} 22. Rfe1
{[%clk 0:56:36]} Qc7 {[%clk 1:17:16]} 23. Re2 {[%clk 0:53:34]} Ra6
{[%clk 1:16:43]} 24. Qa2 {[%clk 0:52:04]} h5 {[%clk 1:12:54]} 25. Be1
{[%clk 0:50:06]} Qd7 {[%clk 1:06:30]} 26. g5 {[%clk 0:42:48]} Nh7
{[%clk 1:04:05]} 27. h4 {[%clk 0:41:58]} f6 {[%clk 1:02:48]} 28. gxf6
{[%clk 0:33:58]} Rxf6 {[%clk 1:03:05]} 29. Bg3 {[%clk 0:32:25]} g5
{[%clk 1:00:10]} 30. Be5 {[%clk 0:26:52]} g4 {[%clk 0:49:22]} 31. f4
{[%clk 0:26:11]} Rf5 {[%clk 0:49:37]} 32. Qb1 {[%clk 0:23:46]} Nf6
{[%clk 0:48:48]} 33. Bxf6 {[%clk 0:20:51]} Rxf6 {[%clk 0:49:08]} 34. Kg3
{[%clk 0:19:07]} Re4 {[%clk 0:48:28]} 35. Qc2 {[%clk 0:14:09]} Qc7
{[%clk 0:48:41]} 36. Qd2 {[%clk 0:10:59]} Ra6 {[%clk 0:48:27]} 37. Qa2
{[%clk 0:10:18]} Kg7 {[%clk 0:48:09]} 38. Kf2 {[%clk 0:06:09]} Qe7
{[%clk 0:46:42]} 39. Rh1 {[%clk 0:05:37]} Rae6 {[%clk 0:46:00]} 40. Qd2
{[%clk 0:04:22]} Qa3 {[%clk 0:46:13]} 41. Qb2 {[%clk 0:31:38]} Qxb2
{[%clk 1:16:13]} 42. Rxb2 {[%clk 0:31:52]} Rxe3 {[%clk 1:16:40]} 43. f5
{[%clk 0:25:33]} Rf3+ {[%clk 1:16:51]} 44. Kg2 {[%clk 0:25:48]} Rxf5
{[%clk 1:17:05]} 45. Rxb5 {[%clk 0:25:57]} Re2+ {[%clk 1:16:41]} 46. Kg1
{[%clk 0:25:18]} Rc2 {[%clk 1:14:07]} 47. Rh2 {[%clk 0:18:21]} Rc1+
{[%clk 1:14:27]} 48. Kg2 {[%clk 0:18:36]} Rxc3 {[%clk 1:14:47]} 49. Kg1
{[%clk 0:16:52]} Rc1+ {[%clk 1:14:52]} 50. Kg2 {[%clk 0:17:09]} Rd1
{[%clk 1:15:09]} 51. Rb7+ {[%clk 0:16:34]} Rf7 {[%clk 1:15:27]} 52. a6
{[%clk 0:16:23]} Rxb7 {[%clk 1:15:31]} 53. axb7 {[%clk 0:16:30]} Rb1
{[%clk 1:15:58]} 54. Kg3 {[%clk 0:16:34]} Rxb7 {[%clk 1:15:59]} 55. Kf4
{[%clk 0:16:52]} Kf6 {[%clk 1:15:38]} 56. Ra2 {[%clk 0:16:58]} Rc7
{[%clk 1:15:12]} 57. Ra6+ {[%clk 0:16:13]} Ke7 {[%clk 1:15:21]} 58. Ke5
{[%clk 0:14:29]} c3 {[%clk 1:15:40]} 59. Ra1 {[%clk 0:13:16]} c2 {[%clk 1:16:04]}
60. Rc1 {[%clk 0:13:39]} g3 {[%clk 1:16:24]} 0-1

[Event "World Chess Olympiad 2018"]
[Site "Batumi"]
[Date "2018.09.24"]
[Round "1"]
[Board "4"]
[WhiteFideId "4900774"]
[White "Nasanjargal Urtnasan"]
[BlackFideId "10801839"]
[Black "Abera Aydagnuhem Gezachew"]
[Result "1-0"]
[LiveChessVersion "1.4.8"]
[BlackElo "2116"]
[WhiteElo "2470"]

1. d4 {[%clk 1:30:54]} Nf6 {[%clk 1:30:41]} 2. c4 {[%clk 1:31:09]} g6
{[%clk 1:30:56]} 3. Nc3 {[%clk 1:31:27]} Bg7 {[%clk 1:31:08]} 4. Nf3
{[%clk 1:31:40]} O-O {[%clk 1:31:15]} 5. g3 {[%clk 1:31:54]} d5 {[%clk 1:30:32]}
6. cxd5 {[%clk 1:32:15]} Nxd5 {[%clk 1:30:39]} 7. Bg2 {[%clk 1:32:38]} Nb6
{[%clk 1:28:09]} 8. O-O {[%clk 1:32:56]} Nc6 {[%clk 1:27:30]} 9. e3
{[%clk 1:30:26]} Be6 {[%clk 1:19:47]} 10. b3 {[%clk 1:26:58]} Qc8
{[%clk 1:15:23]} 11. Bb2 {[%clk 1:24:01]} Bh3 {[%clk 1:14:41]} 12. Qe2
{[%clk 1:22:56]} Bxg2 {[%clk 1:12:37]} 13. Kxg2 {[%clk 1:23:15]} Rd8
{[%clk 1:09:22]} 14. Rfd1 {[%clk 1:21:50]} Qf5 {[%clk 1:04:23]} 15. Rac1
{[%clk 1:18:43]} Rd7 {[%clk 1:01:15]} 16. d5 {[%clk 1:07:18]} Ne5
{[%clk 0:51:08]} 17. Nxe5 {[%clk 1:05:23]} Bxe5 {[%clk 0:44:45]} 18. f4
{[%clk 0:46:59]} Bxc3 {[%clk 0:34:14]} 19. e4 {[%clk 0:47:14]} Bxb2
{[%clk 0:34:14]} 20. exf5 {[%clk 0:47:27]} Bxc1 {[%clk 0:34:07]} 21. Rxc1
{[%clk 0:47:22]} Nxd5 {[%clk 0:31:42]} 22. fxg6 {[%clk 0:45:22]} hxg6
{[%clk 0:31:22]} 23. Qe5 {[%clk 0:43:02]} Rad8 {[%clk 0:30:51]} 24. h4
{[%clk 0:42:29]} Nf6 {[%clk 0:26:18]} 25. Rxc7 {[%clk 0:40:04]} Rd2+
{[%clk 0:22:10]} 26. Kh3 {[%clk 0:40:23]} Rh2+ {[%clk 0:10:52]} 27. Kxh2
{[%clk 0:38:08]} Ng4+ {[%clk 0:11:13]} 28. Kh3 {[%clk 0:38:31]} Nxe5
{[%clk 0:11:12]} 29. fxe5 {[%clk 0:38:53]} Kf8 {[%clk 0:07:06]} 30. Rxb7
{[%clk 0:38:42]} a5 {[%clk 0:06:51]} 31. a4 {[%clk 0:36:40]} f5 {[%clk 0:04:43]}
32. exf6 {[%clk 0:36:45]} exf6 {[%clk 0:05:02]} 33. Rb5 {[%clk 0:25:02]} Rd3
{[%clk 0:03:32]} 34. Rxa5 {[%clk 0:22:28]} Rxb3 {[%clk 0:03:51]} 35. Ra7
{[%clk 0:22:39]} f5 {[%clk 0:02:05]} 36. Kg2 {[%clk 0:21:28]} Ra3
{[%clk 0:01:59]} 37. a5 {[%clk 0:21:36]} Ke8 {[%clk 0:00:52]} 38. a6
{[%clk 0:20:48]} Kf8 {[%clk 0:00:48]} 39. Kf2 {[%clk 0:20:41]} Kg8
{[%clk 0:01:04]} 40. Ke2 {[%clk 0:50:47]} Rxg3 {[%clk 0:31:07]} 41. Rb7
{[%clk 0:51:02]} 1-0

[Event "World Chess Olympiad 2018"]
[Site "Batumi"]
[Date "2018.09.24"]
[Round "1"]
[Board "1"]
[WhiteFideId "922412"]
[White "Djukic Nikola"]
[BlackFideId "10800166"]
[Black "Magana Ben"]
[Result "1-0"]
[LiveChessVersion "1.4.8"]
[BlackElo "2074"]
[WhiteElo "2567"]

1. e4 {[%clk 1:30:57]} e5 {[%clk 1:30:46]} 2. Nf3 {[%clk 1:31:21]} Nc6
{[%clk 1:30:17]} 3. Bb5 {[%clk 1:31:39]} a6 {[%clk 1:12:38]} 4. Ba4
{[%clk 1:32:00]} Nf6 {[%clk 1:12:48]} 5. O-O {[%clk 1:32:22]} Be7
{[%clk 1:12:44]} 6. Re1 {[%clk 1:32:46]} b5 {[%clk 1:12:21]} 7. Bb3
{[%clk 1:33:10]} O-O {[%clk 1:11:34]} 8. d3 {[%clk 1:33:28]} d6 {[%clk 1:10:07]}
9. c3 {[%clk 1:33:48]} Be6 {[%clk 1:04:36]} 10. Bxe6 {[%clk 1:19:39]} fxe6
{[%clk 1:02:31]} 11. Nbd2 {[%clk 1:20:00]} Nh5 {[%clk 1:00:03]} 12. Nf1
{[%clk 1:18:26]} Nf4 {[%clk 0:57:30]} 13. g3 {[%clk 1:16:37]} Ng6
{[%clk 0:52:35]} 14. h4 {[%clk 1:14:21]} Bxh4 {[%clk 0:39:28]} 15. Nxh4
{[%clk 1:07:53]} Nxh4 {[%clk 0:39:53]} 16. gxh4 {[%clk 1:08:18]} Qxh4
{[%clk 0:40:00]} 17. Be3 {[%clk 1:03:19]} Ne7 {[%clk 0:32:15]} 18. Nh2
{[%clk 1:01:12]} h5 {[%clk 0:23:41]} 19. Qd2 {[%clk 0:57:45]} Qf6
{[%clk 0:13:37]} 20. Kh1 {[%clk 0:57:26]} Ng6 {[%clk 0:12:53]} 21. Rg1
{[%clk 0:57:21]} Nf4 {[%clk 0:10:41]} 22. Bxf4 {[%clk 0:57:35]} Qxf4
{[%clk 0:09:02]} 23. Qxf4 {[%clk 0:57:59]} Rxf4 {[%clk 0:09:17]} 24. Rg5
{[%clk 0:57:21]} Raf8 {[%clk 0:07:46]} 25. Rag1 {[%clk 0:57:27]} R8f7
{[%clk 0:07:38]} 26. R1g2 {[%clk 0:51:56]} h4 {[%clk 0:05:23]} 27. f3
{[%clk 0:51:37]} Kf8 {[%clk 0:04:08]} 28. R2g4 {[%clk 0:51:40]} 1-0

[Event "World Chess Olympiad 2018"]
[Site "Batumi"]
[Date "2018.09.24"]
[Round "1"]
[Board "2"]
[WhiteFideId "10800360"]
[White "Singe Philip Mbawala"]
[BlackFideId "900885"]
[Black "Blagojevic Dragisa"]
[Result "0-1"]
[LiveChessVersion "1.4.8"]
[BlackElo "2476"]
[WhiteElo "1845"]

1. e4 {[%clk 1:30:49]} e5 {[%clk 1:30:54]} 2. Nf3 {[%clk 1:31:10]} Nc6
{[%clk 1:31:18]} 3. Bb5 {[%clk 1:30:25]} a6 {[%clk 1:31:34]} 4. Ba4
{[%clk 1:30:45]} Nf6 {[%clk 1:31:58]} 5. Bxc6 {[%clk 1:29:40]} dxc6
{[%clk 1:32:21]} 6. d3 {[%clk 1:29:02]} Bd6 {[%clk 1:31:21]} 7. h3
{[%clk 1:28:05]} Nd7 {[%clk 1:29:39]} 8. Nbd2 {[%clk 1:28:17]} O-O
{[%clk 1:27:15]} 9. Nc4 {[%clk 1:26:17]} c5 {[%clk 1:23:24]} 10. Nxd6
{[%clk 1:21:51]} cxd6 {[%clk 1:23:48]} 11. O-O {[%clk 1:21:08]} Re8
{[%clk 1:13:24]} 12. Nh2 {[%clk 1:15:04]} Nf8 {[%clk 1:13:33]} 13. f4
{[%clk 1:12:13]} exf4 {[%clk 1:11:35]} 14. Rxf4 {[%clk 1:06:42]} d5
{[%clk 1:06:40]} 15. exd5 {[%clk 0:49:57]} Qxd5 {[%clk 1:06:56]} 16. Bd2
{[%clk 0:48:27]} Ng6 {[%clk 1:00:19]} 17. Rf2 {[%clk 0:47:27]} Be6
{[%clk 0:59:17]} 18. Nf3 {[%clk 0:43:31]} f6 {[%clk 0:51:52]} 19. a4
{[%clk 0:38:57]} c4 {[%clk 0:43:08]} 20. d4 {[%clk 0:38:41]} Bf5 {[%clk 0:38:34]}
21. c3 {[%clk 0:28:55]} Re6 {[%clk 0:28:04]} 22. Nh2 {[%clk 0:17:31]} Rae8
{[%clk 0:22:07]} 23. Qh5 {[%clk 0:17:19]} Be4 {[%clk 0:22:26]} 24. Qxd5
{[%clk 0:17:39]} Bxd5 {[%clk 0:22:52]} 25. Nf1 {[%clk 0:12:56]} Nh4
{[%clk 0:21:07]} 26. Ng3 {[%clk 0:12:11]} Bxg2 {[%clk 0:18:24]} 27. Rxg2
{[%clk 0:12:28]} Nxg2 {[%clk 0:18:49]} 28. Kxg2 {[%clk 0:12:48]} Re2+
{[%clk 0:19:14]} 29. Nxe2 {[%clk 0:11:26]} Rxe2+ {[%clk 0:19:39]} 30. Kf3
{[%clk 0:09:10]} Rxd2 {[%clk 0:20:03]} 31. a5 {[%clk 0:08:01]} Rxb2
{[%clk 0:17:04]} 32. Ra4 {[%clk 0:08:22]} Kf7 {[%clk 0:15:19]} 33. Rxc4
{[%clk 0:08:30]} g5 {[%clk 0:14:28]} 34. Rc7+ {[%clk 0:06:21]} Kg6
{[%clk 0:14:21]} 35. d5 {[%clk 0:06:02]} Kf5 {[%clk 0:06:07]} 36. Rxh7
{[%clk 0:06:29]} Rb3 {[%clk 0:06:20]} 37. Rc7 {[%clk 0:05:18]} Ke5
{[%clk 0:05:37]} 38. Kg4 {[%clk 0:05:28]} Kxd5 {[%clk 0:03:45]} 39. Kf5
{[%clk 0:04:44]} Kd6 {[%clk 0:03:21]} 40. Rc4 {[%clk 0:34:23]} Rb5+
{[%clk 0:33:33]} 41. Kxf6 {[%clk 0:34:52]} Rxa5 {[%clk 0:33:53]} 42. Rb4
{[%clk 0:23:01]} Kc6 {[%clk 0:34:09]} 43. Rg4 {[%clk 0:18:25]} Rc5
{[%clk 0:34:04]} 44. Rxg5 {[%clk 0:17:32]} Rxc3 {[%clk 0:34:20]} 45. h4
{[%clk 0:17:08]} Rh3 {[%clk 0:25:06]} 46. h5 {[%clk 0:17:13]} b5 {[%clk 0:25:27]}
47. Kg6 {[%clk 0:16:25]} b4 {[%clk 0:08:11]} 48. h6 {[%clk 0:15:51]} b3
{[%clk 0:08:19]} 49. h7 {[%clk 0:12:34]} a5 {[%clk 0:07:58]} 50. Rh5 0-1